000 00301nam a22001337a 4500
008 171019b xxu||||| |||| 00| 0 eng d
020 _a9780078137112
041 _aeng
080 _26TH
_a338
100 _a53
101 _aMEN
245 _aTRANSNATIONAL MANAGEMENT
_cBARTLETT,C.A
942 _2udc
_cBK
999 _c34982
_d34982